000 00730nam a2200289Ia 4500
005 20260324121848.0
008 008 260324s9999 xx 000 0 eng d
020 _a9780429479717
037 _aEBOOK
040 _aCRL
040 _beng
040 _cCRL
041 _2eng
041 _aeng
084 _qCRL
100 _aSandor Ferenczi; Ernest Jones; Ferenc Eros; Ken Robinson; Judit Szekacs-Weisz
_91164163
245 0 _aSandor Ferenczi - Ernest Jones
245 0 _bLetters 1911-1933
260 _bTaylor and Francis
260 _c2013
365 _a
365 _b220
856 _uhttp://www.taylorfrancis.com/books/9780429479717
942 _cEBOOK
999 _c1756524
_d1756524